Languages of Europe - Statistics

General Stats
  • This quiz has been taken 54 times
  • The average score is 13 of 16
Answer Stats
Hint Answer % Correct
Hello English
98%
Guten Tag German
96%
Ciao Italian
96%
Hola Spanish (et al.)
96%
Olá Portuguese
91%
Priviet Russian
91%
Cześć Polish
85%
Zdravo Serbian
85%
Hallo Dutch (et al.)
83%
Geia Greek
79%
Bunâ Romanian
79%
Përshëndetje Albanian
77%
Szia Hungarian
77%
Ahoj Slovak (et al.)
74%
Dobryj Den Ukrainian
74%
Kaixo Basque
40%
No matching quizzes found
Score Distribution
Percent of People with Each Score
Percentile by Number Answered
Your Score History
You have not taken this quiz